Paralelismos Espriu-Subirachs en un bajorrelieve de San Jorge / María Peña
Publicado:
San Jorge, núm. 96 - 97 (juliol 1976), pàg. 68 - 69 :
MARC
| LEADER | 00000nam a2200000Ia 4500 | ||
|---|---|---|---|
| 008 | 160829s9999 xx 000 0 cat d | ||
| 100 | |a Peña, Maria |9 41692 | ||
| 245 | |a Paralelismos Espriu-Subirachs en un bajorrelieve de San Jorge / María Peña | ||
| 260 | |a San Jorge, núm. 96 - 97 (juliol 1976), pàg. 68 - 69 | ||
| 600 | 1 | 0 | |9 24496 |a Espriu, Salvador, |d 1913-1985 |
| 610 | 2 | 0 | |a Palau de la Generalitat de Catalunya |9 53043 |
| 610 | 1 | 0 | |a Barcelona (Catalunya : Província). |b Diputació |9 52408 |
| 650 | |a Subirachs, Josep M. |9 39735 | ||
| 650 | |a Art i literatura I |9 43428 | ||
| 901 | |a Arxiu | ||
| 942 | |n 1 |2 udc | ||
| 952 | |0 0 |1 0 |4 0 |7 1 |9 51430 |a Arxiu |b Arxiu |d 2016-12-01 |l 0 |r 2016-12-01 00:00:00 |w 2016-12-01 |y ARXIU | ||
| 999 | |c 55274 |d 55274 | ||